| 000 | 01372namaa2200349 i 4500 | ||
|---|---|---|---|
| 003 | EG-GICUC | ||
| 005 | 20260122104658.0 | ||
| 008 | 260118s2000 ua ||||jr|||| 000 0 ara d | ||
| 017 |
_a2000 / 3789 _bدار الكتب والوثائق القومية (مصر) |
||
| 020 | _a9776000002 | ||
| 040 |
_aEG-GiCUC _bara _cEG-GiCUC _dEG-GiCUC _erda |
||
| 082 | 0 | 4 |
_221 _a305.90631 _bS538 |
| 092 | 0 | 4 |
_221 _a305.90631 _bS538 |
| 099 | _a305.90631 S538 | ||
| 100 | 1 |
_aالشيخ، أحمد، _eمؤلف. |
|
| 245 |
_aالمثقفون العرب والغرب / _cأحمد الشيخ |
||
| 250 | _aالطبعة الاولى | ||
| 264 |
_aالقاهرة (مصر) : _bالمركز العربى للدراسات الغربية، _c2000 |
||
| 300 |
_a315 صفحة ؛ _c24 سم |
||
| 336 |
_2rdacontent _atext |
||
| 337 |
_2rdamedia _aUnmediated |
||
| 338 |
_2rdacarrier _avolume |
||
| 490 | 0 | _aمن نقد الاستغراب الى نقد الاستغراب | |
| 504 | _a. | ||
| 541 |
_aد. / جابر عصفور ؛ _bالقاهرة ؛ _cإهداء ؛ _d2024. |
||
| 650 | 1 | 7 |
_aالمثقفون العرب _2qrmak |
| 650 | 1 | 0 |
_aالحضارات العربية _xالتأثيرات الغربية _vمقابلات |
| 650 | 1 | 0 |
_aالحضارة الاسلامية _xالتأثيرات الغربية _vمقابلات |
| 651 | 1 | _2qrmak | |
| 905 | _aAmira | ||
| 942 |
_2ddc _cBK _e21 _n0 |
||
| 999 |
_c177814 _d177814 |
||